Alacena de minucias (1951-1961)

Bibliographic Details
Main Author: Henestrosa, Andrš
Format: eBook
Language:Spanish
Published: Ciudad de Mx̌ico: Cm̀ara de Diputados, 2007
Subjects:
Online Access:Acceso restringido

MARC

LEADER 00000nam a22000007a 4500
005 2017120502202.0
007 cr|||| ||||
008 171205s2007 mx |||||s|||| 00||0 spa d
020 |a 978-970-701-967-6 
035 |a 20763 
040 |a vLex 
090 |c 7261  |d 7261 
100 1 |a Henestrosa, Andrš 
245 1 0 |a Alacena de minucias (1951-1961)  |h [Recurso electrn̤ico] /  |c Andrš Henestrosa  
256 |a Servicio en ln̕ea 
260 |a Ciudad de Mx̌ico:  |b Cm̀ara de Diputados,  |c 2007 
300 |a 1 recurso electrn̤ico 
506 1 |a Disponible solo en los productos indicados  |d vLex Global  |d vLex Global (Academic Edition, excluding Law Schools)  |d vLex Global (U.S. Academic Edition, Law Schools)  |d vLex Global (U.S. Academic Edition, excluding Law Schools)  |d vLex Global (Academic Edition, Law Schools) 
650 0 4 |a Derecho Pb︢lico  |z Mx̌ico 
650 0 4 |a Derecho Administrativo  |z Mx̌ico 
740 0 |a vLex Libros (Servicio en ln̕ea) 
856 4 0 |u http://vlex.com/source/alacena-minucias-1951-1961-20763  |z Acceso restringido 
942 |c BOOK 
999 0 |a Public law 
999 0 |a Administrative law